000 01111nam a22002057a 4500
003 JO-AjAnu
005 20240605122402.0
008 240403b jo ||||| |||| 00| 0 ara d
040 _aJO-AjAnu
_cJO-AjAnu
041 0 _aara
050 _aHD61
_b2023
100 1 _aالحموري، زايد امجد
_965278
_eمعد
245 0 _aاثر تطبيق المعيار الدولي لإدارة المخاطر ايزو 31000 في الاداء التنظيمي في شركة كهرباء إربد = The Impact of Implementing International Standard for Risk Management ISO 31000 in the Organizational Performance at Irbid Electricity Company /
_cاعداد زايد امجد الحموري ؛ إشراف بلال احمد المثاني
260 _c2023
300 _a126ورقة
500 _aرسالة جامعية(ماجستير).- جامعةعجلون الوطنية (عجلون، الأردن) ، كليةالأعمال، تخصص إدارة الاعمال ، 2022.
650 7 0 _aإدارة المخاطر
_965279
700 1 _aالمثاني، بلال احمد
_965043
_eمشرف
942 _2lcc
_cTHS
_n0
999 _c33415
_d33415